| 000 | 00509nam a2200169Ia 4500 | ||
|---|---|---|---|
| 999 |
_c20898 _d20898 |
||
| 003 | OSt | ||
| 005 | 20200706141642.0 | ||
| 008 | 190216s9999||||xx |||||||||||||| ||und|| | ||
| 020 | _a9780195651508 | ||
| 040 | _coclc | ||
| 082 |
_a954.8 _bHAL/S |
||
| 100 |
_aHall, Kenneth R _93572 |
||
| 245 | 0 |
_aStructure And Society In Early South India / _cKenneth R Hall |
|
| 260 |
_bOxford University Press, _c2001. _aNew Delhi: |
||
| 300 | _a334p | ||
| 942 |
_cBK _2ddc _h954.8 _iHAL/S _k954.8 _mHAL/S |
||